00932 2200301 4500001002100000005001500021035002000036007000300056008004100059020002200100082001400122084001600136100003200152245009400184250003500278300003900313650003300352504003300385264003800418336002100456337003000477338002300507040002200530090002200552850001200574999002200586990002200608INLIS00000000087779620230405104805 a0010-0423000096ta230405b2022 xx a f ind d a978-623-466-173-604223a248.4 a248.4 ULI f0 aUlil Amri SyafriePengarang10aFrasa agama :bpemikiran pendidikan dan kebudayaan Ki Hajar Dewantara /cUlil Amri Syafri aCetakan pertama, Desember 2022 aviii, 175 halaman :bfoto ;c23 cm04aKehidupan beragama (Kristen) aBibliografi: halaman 154-15631aSleman :bZahir Publishing,c2022 2rdacontentateks 2rdamediaatanpa perantara 2rdacarrieravolume aYOPDYOGbinderda aCB-D.11 2022-3015 aYOPDYOG aCB-D.11/2022-3015 aCB-D.11/2022-3015